| 000 | 00651nam a2200229 i 4500 | ||
|---|---|---|---|
| 001 | bg | ||
| 100 | 1 |
_aKĘCKI, Zbigniew _d(1926- ) |
|
| 245 | 1 | 0 |
_aPodstawy spektroskopii molekularnej / _cZbigniew Kęcki. |
| 250 | _aWyd. 4. | ||
| 260 |
_aWarszawa : _bWydaw. Naukowe PWN, _c1998. |
||
| 300 |
_a336, [2] s. : _b3 fot., rys., wykr. ; _c24 cm. |
||
| 504 | _aBibliogr. s. 325-326. - Indeksy. | ||
| 650 | 9 | _aSpektroskopia atomowa | |
| 655 | _aPodręczniki akademickie | ||
| 020 | _a8301105038 | ||
| 040 | _cBPK | ||
| 041 | 0 | _apl | |
| 080 | _a543.42(075.8) | ||
| 920 | _a83-01-10503-8 | ||
| 942 | _cKS | ||
| 008 | s pl f |000 0 pol | ||
| 999 |
_c34130 _d34130 |
||
| 856 |
_uhttp://koha.tu.koszalin.pl/cgi-bin/koha/opac-detail.pl?biblionumber=34130 _yKatalog online BPK |
||